[Event "RA-2018-0-00564"]
[Site "LSS email"]
[Date "2018.02.09"]
[Round "?"]
[White "Luers, Lavas"]
[Black "Trusewicz, Janusz Krzysztof"]
[Result "1/2-1/2"]
[WhiteElo "2111"]
[BlackElo "2151"]
[PlyCount "100"]
[EventDate "2018.01.08"]
[EventType "tourn (corr)"]
[EventRounds "6"]
[EventCountry "GER"]
[SourceTitle "Corr 2022"]
[Source "ChessBase"]
[SourceDate "2021.10.24"]
[SourceVersion "1"]
[SourceVersionDate "2021.10.24"]
[SourceQuality "1"]

1. e4 c5 2. Nf3 d6 3. d4 cxd4 4. Nxd4 Nf6 5. Nc3 a6 6. Be3 e5 7. Nb3 Be6 8. f3 Be7 9. Qd2 0-0 10. 0-0-0 Nbd7 11. g4 b5 12. g5 b4 13. Ne2 Ne8 14. Ng3 a5 15. Kb1 a4 16. Nc1 b3 17. cxb3 axb3 18. a3 Nc7 19. f4 exf4 20. Bxf4 Ne5 21. Nf5 Ra4 22. Bxe5 dxe5 23. h4 Rxe4 24. Bh3 Bxf5 25. Bxf5 Qxd2 26. Rxd2 Rf4 27. Bd7 Rb8 28. Rh3 Rf1 29. Ba4 Kf8 30. Rxb3 Rxb3 31. Bxb3 Rh1 32. Rc2 Ne8 33. Rc4 Bd8 34. a4 f6 35. Ka2 Ke7 36. gxf6+ gxf6 37. Ne2 Nd6 38. Rc6 Rxh4 39. Nc3 Ne4 40. Nb5 Rh2 41. Ra6 Rd2 42. a5 Nc5 43. Rc6 Nxb3 44. a6 Kd7 45. a7 Kxc6 46. a8Q+ Kxb5 47. Kxb3 Rd3+ 48. Kc2 Rd4 49. Qb7+ Kc5 50. Qxh7 Kd6 1/2-1/2

[Event "RA-2018-0-00562"]
[Site "LSS email"]
[Date "2018.01.28"]
[Round "?"]
[White "Trusewicz, Janusz Krzysztof"]
[Black "Luers, Lavas"]
[Result "1/2-1/2"]
[WhiteElo "2150"]
[BlackElo "2105"]
[PlyCount "39"]
[EventDate "2018.01.03"]
[EventType "tourn (corr)"]
[EventRounds "6"]
[EventCountry "GER"]
[SourceTitle "Corr 2022"]
[Source "ChessBase"]
[SourceDate "2021.10.24"]
[SourceVersion "1"]
[SourceVersionDate "2021.10.24"]
[SourceQuality "1"]

1. e4 c5 2. c3 Nf6 3. e5 Nd5 4. d4 cxd4 5. Nf3 e6 6. cxd4 d6 7. Bc4 Nc6 8. 0-0 Be7 9. Qe2 0-0 10. Rd1 Na5 11. b3 Bd7 12. Bxd5 exd5 13. Nc3 Be6 14. Ba3 a6 15. Rac1 Re8 16. exd6 Bxd6 17. Bxd6 Qxd6 18. Qe5 Rad8 19. Qxd6 Rxd6 20. Ne5 1/2-1/2

[Event "RA-2017-0-00550"]
[Site "LSS email"]
[Date "2017.11.08"]
[Round "?"]
[White "Trusewicz, Janusz Krzysztof"]
[Black "Eman, Juan"]
[Result "0-1"]
[WhiteElo "2161"]
[BlackElo "2236"]
[PlyCount "98"]
[EventDate "2017.10.24"]
[EventType "tourn (corr)"]
[EventRounds "6"]
[EventCountry "GER"]
[SourceTitle "Corr 2022"]
[Source "ChessBase"]
[SourceDate "2021.10.24"]
[SourceVersion "1"]
[SourceVersionDate "2021.10.24"]
[SourceQuality "1"]

1. e4 c6 2. d4 d5 3. Nc3 dxe4 4. Nxe4 Bf5 5. Ng3 Bg6 6. h4 h6 7. Nf3 Nd7 8. h5 Bh7 9. Bd3 Bxd3 10. Qxd3 e6 11. Bf4 Qa5+ 12. Bd2 Bb4 13. Ne4 Ngf6 14. Nd6+ Ke7 15. Nxb7 Bxd2+ 16. Nxd2 Qb4 17. Qb3 Qxd4 18. 0-0-0 Rab8 19. c3 Qe5 20. g3 Rhc8 21. Nc4 Qg5+ 22. Rd2 c5 23. Rhd1 Rc7 24. Ncd6 Qg4 25. c4 Qxh5 26. Qd3 Kf8 27. Na5 Ne5 28. Qe3 Nf3 29. Nb5 Nxd2 30. Nxc7 Nf3 31. Nb3 Qg5 32. Qxg5 Nxg5 33. Na6 Rc8 34. Naxc5 Nge4 35. Nxe4 Nxe4 36. Na5 Nxf2 37. Rd7 h5 38. b4 g5 39. b5 h4 40. gxh4 gxh4 41. Rd2 Ng4 42. Rd3 Ne5 43. Rc3 Ke7 44. Kd1 Rh8 45. Rh3 Kd6 46. Nb7+ Kc7 47. Nc5 Kb6 48. Na4+ Ka5 49. Nb2 Kb4 0-1

[Event "RA-2017-0-00542"]
[Site "LSS email"]
[Date "2017.10.10"]
[Round "?"]
[White "Trusewicz, Janusz Krzysztof"]
[Black "Tyutyunnik, Roman"]
[Result "1/2-1/2"]
[WhiteElo "2172"]
[BlackElo "2107"]
[PlyCount "54"]
[EventDate "2017.09.16"]
[EventType "tourn (corr)"]
[EventRounds "6"]
[EventCountry "GER"]
[SourceTitle "Corr 2022"]
[Source "ChessBase"]
[SourceDate "2021.10.24"]
[SourceVersion "1"]
[SourceVersionDate "2021.10.24"]
[SourceQuality "1"]

1. e4 e5 2. Nf3 Nc6 3. Bb5 a6 4. Ba4 Nf6 5. 0-0 Be7 6. Re1 b5 7. Bb3 0-0 8. c3 d6 9. h3 Bb7 10. d4 Re8 11. Nbd2 Bf8 12. d5 Nb8 13. Nf1 Nbd7 14. N3h2 Nc5 15. Bc2 c6 16. b4 Ncd7 17. dxc6 Bxc6 18. Bg5 h6 19. Bxf6 Nxf6 20. Ng4 Nxg4 21. Qxg4 Qd7 22. Qxd7 Bxd7 23. Ne3 a5 24. Nd5 Reb8 25. Bb3 Bc6 26. Rad1 g6 27. Re3 Rb7 1/2-1/2

[Event "RA-2017-0-00542"]
[Site "LSS email"]
[Date "2017.10.10"]
[Round "?"]
[White "Trusewicz, Janusz Krzysztof"]
[Black "Van Hooff, Ruud"]
[Result "1/2-1/2"]
[WhiteElo "2172"]
[BlackElo "2190"]
[PlyCount "60"]
[EventDate "2017.09.16"]
[EventType "tourn (corr)"]
[EventRounds "6"]
[EventCountry "GER"]
[SourceTitle "Corr 2022"]
[Source "ChessBase"]
[SourceDate "2021.10.24"]
[SourceVersion "1"]
[SourceVersionDate "2021.10.24"]
[SourceQuality "1"]

1. e4 c6 2. d4 d5 3. e5 Bf5 4. Nf3 e6 5. Be2 Nd7 6. 0-0 Bg6 7. a4 Nh6 8. Bxh6 gxh6 9. a5 a6 10. c4 Bg7 11. cxd5 cxd5 12. Qb3 b6 13. axb6 Qxb6 14. Qxb6 Nxb6 15. Nc3 0-0 16. Bxa6 Rfb8 17. Be2 Rxa1 18. Rxa1 Nc4 19. Bxc4 dxc4 20. Nd1 h5 21. Nd2 Rd8 22. Nxc4 Rxd4 23. Ra8+ Bf8 24. Nde3 Kg7 25. Ra7 Bd3 26. Rc7 h4 27. h3 Bb4 28. Rc6 Re4 29. f3 Rd4 30. Kf2 Bg6 1/2-1/2

[Event "RA-2017-0-00525"]
[Site "LSS email"]
[Date "2017.06.24"]
[Round "?"]
[White "Davydov, Andrej"]
[Black "Trusewicz, Janusz Krzysztof"]
[Result "1-0"]
[WhiteElo "2193"]
[BlackElo "2195"]
[PlyCount "81"]
[EventDate "2017.06.04"]
[EventType "tourn (corr)"]
[EventRounds "6"]
[EventCountry "GER"]
[SourceTitle "Corr 2022"]
[Source "ChessBase"]
[SourceDate "2021.10.24"]
[SourceVersion "1"]
[SourceVersionDate "2021.10.24"]
[SourceQuality "1"]

1. d4 Nf6 2. Nf3 e6 3. c4 d5 4. Nc3 Be7 5. Bf4 0-0 6. e3 Nbd7 7. c5 Nh5 8. b4 a5 9. b5 Nxf4 10. exf4 b6 11. c6 Nf6 12. a3 Bd6 13. g3 Ne4 14. Qd3 Qe7 15. Nxe4 dxe4 16. Qxe4 Bxa3 17. Bd3 Bb4+ 18. Kf1 g6 19. h4 a4 20. h5 Bc3 21. hxg6 hxg6 22. Ra3 Bb2 23. Ra2 a3 24. Qe5 f6 25. Qe2 Qg7 26. Qc2 f5 27. Rxb2 axb2 28. Qxb2 Ra4 29. Bc2 Ra5 30. Ng5 Qf6 31. Kg2 Re8 32. Qb4 Qf8 33. Qc4 Qd6 34. Rh8+ Kxh8 35. Nf7+ Kg8 36. Nxd6 cxd6 37. Qb4 Kf7 38. Bd3 Ke7 39. d5 exd5 40. Qd4 Be6 41. Qxb6 1-0

[Event "RA-2016-0-00444"]
[Site "LSS email"]
[Date "2016.05.27"]
[Round "?"]
[White "Kudr, Roman"]
[Black "Trusewicz, Janusz Krzysztof"]
[Result "1/2-1/2"]
[WhiteElo "2098"]
[BlackElo "2205"]
[PlyCount "47"]
[EventDate "2016.04.24"]
[EventType "tourn (corr)"]
[EventRounds "6"]
[EventCountry "GER"]
[SourceTitle "Corr 2022"]
[Source "ChessBase"]
[SourceDate "2021.10.24"]
[SourceVersion "1"]
[SourceVersionDate "2021.10.24"]
[SourceQuality "1"]

1. Nf3 Nf6 2. c4 g6 3. g3 Bg7 4. Bg2 0-0 5. 0-0 d5 6. cxd5 Nxd5 7. d4 Nb6 8. Nc3 Nc6 9. d5 Na5 10. e4 c6 11. Bf4 cxd5 12. Nxd5 Nxd5 13. exd5 Nc4 14. Qb3 Nd6 15. Rfe1 Bf5 16. Rad1 Bf6 17. h3 h5 18. Nd4 Qd7 19. Kh2 Rfc8 20. a4 Rc5 21. Qe3 Rc7 22. h4 Bg4 23. f3 Bf5 24. b3 1/2-1/2

[Event "RA-2016-0-00444"]
[Site "LSS email"]
[Date "2016.05.26"]
[Round "?"]
[White "Trusewicz, Janusz Krzysztof"]
[Black "Kolanek, Roman"]
[Result "1/2-1/2"]
[WhiteElo "2205"]
[BlackElo "2110"]
[PlyCount "40"]
[EventDate "2016.04.24"]
[EventType "tourn (corr)"]
[EventRounds "6"]
[EventCountry "GER"]
[SourceTitle "Corr 2022"]
[Source "ChessBase"]
[SourceDate "2021.10.24"]
[SourceVersion "1"]
[SourceVersionDate "2021.10.24"]
[SourceQuality "1"]

1. e4 c5 2. Nf3 Nc6 3. Bb5 Nf6 4. Bxc6 dxc6 5. d3 g6 6. Nc3 b6 7. a4 a5 8. h3 Qc7 9. Bg5 Nh5 10. e5 Ng7 11. Qe2 Ne6 12. Qe3 h6 13. Bf4 f5 14. Bh2 g5 15. 0-0-0 Bb7 16. d4 0-0-0 17. dxc5 Nxc5 18. Rxd8+ Qxd8 19. Rd1 Qc7 20. Nd4 f4 1/2-1/2

[Event "RA-2015-0-00421"]
[Site "LSS email"]
[Date "2015.12.01"]
[Round "?"]
[White "Morcin, Tom"]
[Black "Trusewicz, Janusz Krzysztof"]
[Result "1-0"]
[WhiteElo "2168"]
[BlackElo "2202"]
[PlyCount "199"]
[EventDate "2015.11.09"]
[EventType "tourn (corr)"]
[EventRounds "6"]
[EventCountry "GER"]
[SourceTitle "Corr 2022"]
[Source "ChessBase"]
[SourceDate "2021.10.24"]
[SourceVersion "1"]
[SourceVersionDate "2021.10.24"]
[SourceQuality "1"]

1. d4 Nf6 2. c4 c5 3. d5 e6 4. Nc3 exd5 5. cxd5 d6 6. e4 g6 7. Be2 Bg7 8. Nf3 0-0 9. 0-0 Re8 10. Nd2 Nbd7 11. a4 Ne5 12. a5 Bd7 13. f3 Rb8 14. Ndb1 c4 15. Na3 b5 16. axb6 Qxb6+ 17. Kh1 Qc5 18. Ra2 a5 19. Bg5 Rb4 20. Qd2 Qc7 21. Rfa1 a4 22. Nd1 Qb7 23. Be3 Rc8 24. Bd4 Qb8 25. Ne3 Bh6 26. Bc3 Rb3 27. g3 Qa7 28. Nac2 Qc7 29. Ra3 Qd8 30. Qd1 Qe7 31. Kg1 Rbb8 32. Qf1 Bb5 33. Nd1 Nfd7 34. Nd4 Nc5 35. Nxb5 Rxb5 36. Bxc4 Rbb8 37. Be2 Bg7 38. R1a2 f5 39. exf5 gxf5 40. Bd2 Ned7 41. Kh1 Re8 42. Re3 Ne5 43. Nc3 Qf7 44. Qd1 Qg6 45. Nxa4 f4 46. gxf4 Ncd3 47. Qf1 Nxf4 48. Nc3 Rf8 49. Ne4 Kh8 50. Rea3 Nxd5 51. Qh3 Nc6 52. Ra1 Bxb2 53. Rg1 Qf5 54. Qh6 Bd4 55. Nxd6 Qd7 56. Rd3 Rf6 57. Qh4 Rxd6 58. Rxd4 Nxd4 59. Qxd4+ Nf6 60. Qf4 Rg8 61. Rxg8+ Kxg8 62. Bc4+ Kh8 63. Bc3 Qd8 64. Bd5 Qb6 65. Kg2 Qd8 66. h4 Qe7 67. Be5 Rb6 68. Qg5 Qg7 69. Kh1 h6 70. Qc1 Rb8 71. Bxb8 Nxd5 72. Qc8+ Kh7 73. Qf5+ Qg6 74. Qd7+ Qg7 75. Qxd5 Qa1+ 76. Kg2 Qb2+ 77. Kh3 Qxb8 78. Kg4 Kg7 79. Qd7+ Kh8 80. Qd4+ Kh7 81. Qe4+ Kh8 82. Qe6 Qf8 83. Qe5+ Kg8 84. Qf4 Qe8 85. Qxh6 Qd7+ 86. Kg3 Qa7 87. Qg6+ Kh8 88. Qh5+ Kg7 89. Qe5+ Kh6 90. Qh8+ Kg6 91. h5+ Kf5 92. Kh3 Qb7 93. Qf8+ Kg5 94. Qc5+ Kh6 95. Qf5 Kg7 96. Qg6+ Kh8 97. Qh6+ Kg8 98. Qe6+ Kh8 99. Qe5+ Kg8 100. Kg4 1-0

[Event "RA-2015-0-00421"]
[Site "LSS email"]
[Date "2015.12.01"]
[Round "?"]
[White "Trusewicz, Janusz Krzysztof"]
[Black "Grego, Luis Jose Gonzaga"]
[Result "1/2-1/2"]
[WhiteElo "2202"]
[BlackElo "2181"]
[PlyCount "60"]
[EventDate "2015.11.09"]
[EventType "tourn (corr)"]
[EventRounds "6"]
[EventCountry "GER"]
[SourceTitle "Corr 2022"]
[Source "ChessBase"]
[SourceDate "2021.10.24"]
[SourceVersion "1"]
[SourceVersionDate "2021.10.24"]
[SourceQuality "1"]

1. d4 Nf6 2. c4 g6 3. Nc3 Bg7 4. e4 d6 5. Nf3 0-0 6. Be2 e5 7. 0-0 Nc6 8. d5 Ne7 9. b4 Nh5 10. g3 f5 11. Ng5 Nf6 12. f3 f4 13. Kg2 Nh5 14. g4 Nf6 15. Rb1 h5 16. h3 Nh7 17. Nxh7 Kxh7 18. c5 Bf6 19. Qc2 Bd7 20. Na4 Bh4 21. Nb2 Bg3 22. Bd2 Rh8 23. Nc4 Nc8 24. Rh1 a6 25. Qc3 Bb5 26. Rbc1 Qf6 27. Qb3 Kg8 28. a4 Be8 29. Na5 Qh4 30. Nxb7 Bf2 1/2-1/2

[Event "RA-2015-0-00386"]
[Site "LSS email"]
[Date "2015.04.09"]
[Round "?"]
[White "Trusewicz, Janusz Krzysztof"]
[Black "Susla, Vitaliy"]
[Result "1/2-1/2"]
[WhiteElo "2197"]
[BlackElo "2292"]
[PlyCount "45"]
[EventDate "2015.03.26"]
[EventType "tourn (corr)"]
[EventRounds "6"]
[EventCountry "GER"]
[SourceTitle "Corr 2022"]
[Source "ChessBase"]
[SourceDate "2021.10.24"]
[SourceVersion "1"]
[SourceVersionDate "2021.10.24"]
[SourceQuality "1"]

1. d4 d5 2. c4 c6 3. Nf3 Nf6 4. Nc3 dxc4 5. a4 Bf5 6. Ne5 Nbd7 7. Nxc4 Qc7 8. g3 e5 9. dxe5 Nxe5 10. Bf4 Nfd7 11. Bg2 g5 12. Bxe5 Nxe5 13. Qd4 f6 14. 0-0-0 Be7 15. Ne3 Bg6 16. Ne4 f5 17. Nc5 Bf6 18. Nc4 0-0 19. Nxe5 Bxe5 20. Ne6 Qe7 21. Qxe5 Rae8 22. Rd6 Rf6 23. e3 1/2-1/2

[Event "OP-2015-0-03630"]
[Site "LSS email"]
[Date "2015.01.28"]
[Round "?"]
[White "Lenz, Juergen"]
[Black "Trusewicz, Janusz Krzysztof"]
[Result "0-1"]
[WhiteElo "1167"]
[BlackElo "2195"]
[PlyCount "20"]
[EventDate "2015.01.21"]
[EventType "tourn (corr)"]
[EventRounds "4"]
[EventCountry "GER"]
[SourceTitle "Corr 2022"]
[Source "ChessBase"]
[SourceDate "2021.10.24"]
[SourceVersion "1"]
[SourceVersionDate "2021.10.24"]
[SourceQuality "1"]

1. d4 f5 2. Nf3 Nf6 3. Nc3 e6 4. Bg5 Bb4 5. Ne5 Bxc3+ 6. bxc3 d6 7. Nd3 0-0 8. g3 Qe8 9. Bxf6 Qc6 10. Bxg7 Qxc3+ 0-1

[Event "RA-2014-0-00368"]
[Site "LSS email"]
[Date "2014.12.30"]
[Round "?"]
[White "Trusewicz, Janusz Krzysztof"]
[Black "Susla, Vitaliy"]
[Result "1/2-1/2"]
[WhiteElo "2199"]
[BlackElo "2253"]
[PlyCount "31"]
[EventDate "2014.12.01"]
[EventType "tourn (corr)"]
[EventRounds "6"]
[EventCountry "GER"]
[SourceTitle "Corr 2022"]
[Source "ChessBase"]
[SourceDate "2021.10.24"]
[SourceVersion "1"]
[SourceVersionDate "2021.10.24"]
[SourceQuality "1"]

1. d4 Nf6 2. c4 g6 3. f3 d5 4. cxd5 Nxd5 5. e4 Nb6 6. Nc3 Bg7 7. Be3 0-0 8. Qd2 Nc6 9. 0-0-0 f5 10. h4 fxe4 11. h5 gxh5 12. Rxh5 Bf5 13. Rg5 Bg6 14. Nxe4 Qe8 15. Bd3 Rd8 16. Ne2 1/2-1/2

[Event "RA-2014-0-00368"]
[Site "LSS email"]
[Date "2014.12.29"]
[Round "?"]
[White "Willmann, Bernd"]
[Black "Trusewicz, Janusz Krzysztof"]
[Result "1/2-1/2"]
[WhiteElo "2237"]
[BlackElo "2199"]
[PlyCount "46"]
[EventDate "2014.12.01"]
[EventType "tourn (corr)"]
[EventRounds "6"]
[EventCountry "GER"]
[SourceTitle "Corr 2022"]
[Source "ChessBase"]
[SourceDate "2021.10.24"]
[SourceVersion "1"]
[SourceVersionDate "2021.10.24"]
[SourceQuality "1"]

1. d4 Nf6 2. c4 e6 3. Nf3 d5 4. Nc3 Bb4 5. Bg5 h6 6. Bxf6 Qxf6 7. e3 0-0 8. Rc1 dxc4 9. Bxc4 c5 10. 0-0 cxd4 11. Nxd4 Bd7 12. Ne4 Qe7 13. Be2 Nc6 14. a3 Ba5 15. Nb3 Rfd8 16. Qd6 Qh4 17. Nbc5 Bc8 18. Qg3 Qe7 19. Rfd1 Bc7 20. Rxd8+ Nxd8 21. Qf3 f5 22. Nd2 Qd6 23. Qh5 Qxd2 1/2-1/2

[Event "RA-2014-0-00359"]
[Site "LSS email"]
[Date "2014.11.04"]
[Round "?"]
[White "Sarakenidis, Nikolaos"]
[Black "Trusewicz, Janusz Krzysztof"]
[Result "1/2-1/2"]
[WhiteElo "2249"]
[BlackElo "2161"]
[PlyCount "65"]
[EventDate "2014.10.17"]
[EventType "tourn (corr)"]
[EventRounds "6"]
[EventCountry "GER"]
[SourceTitle "Corr 2015"]
[Source "ChessBase"]
[SourceDate "2015.07.17"]
[SourceVersion "1"]
[SourceVersionDate "2015.07.17"]
[SourceQuality "1"]

1. d4 Nf6 2. c4 e6 3. Nc3 Bb4 4. f3 d5 5. a3 Bxc3+ 6. bxc3 c5 7. cxd5 exd5 8. e3 0-0 9. Bd3 b6 10. Ne2 Ba6 11. 0-0 Re8 12. Ng3 Bxd3 13. Qxd3 Nc6 14. Bb2 h5 15. e4 h4 16. Nf5 cxd4 17. cxd4 dxe4 18. fxe4 Rxe4 19. Nh6+ gxh6 20. Rxf6 Qxf6 21. Qxe4 Qg6 22. Qxh4 Re8 23. Qf2 Qh5 24. Rc1 Qd5 25. h3 Re4 26. Qg3+ Kh7 27. Rf1 f5 28. Rf2 Ne7 29. Kh2 h5 30. Rf4 Rxf4 31. Qxf4 Kg6 32. Bc1 Kf7 33. Qg5 1/2-1/2

[Event "RA-2014-0-00359"]
[Site "LSS email"]
[Date "2014.11.04"]
[Round "?"]
[White "Susla, Vitaliy"]
[Black "Trusewicz, Janusz Krzysztof"]
[Result "1/2-1/2"]
[WhiteElo "2161"]
[BlackElo "2161"]
[PlyCount "66"]
[EventDate "2014.10.17"]
[EventType "tourn (corr)"]
[EventRounds "6"]
[EventCountry "GER"]
[SourceTitle "Corr 2015"]
[Source "ChessBase"]
[SourceDate "2015.07.17"]
[SourceVersion "1"]
[SourceVersionDate "2015.07.17"]
[SourceQuality "1"]

1. d4 Nf6 2. c4 e6 3. Nf3 d5 4. Nc3 Bb4 5. cxd5 exd5 6. Bg5 0-0 7. e3 c5 8. dxc5 Nbd7 9. Rc1 Nxc5 10. Qd4 Bxc3+ 11. Qxc3 Nce4 12. Bxf6 Nxf6 13. Be2 Bg4 14. 0-0 Qb6 15. h3 Rfc8 16. Qa3 Bh5 17. b3 Ne4 18. Nd4 Bxe2 19. Nxe2 h6 20. Qe7 Qa6 21. Nd4 Re8 22. Qc7 g6 23. Rc2 Rec8 24. Qxc8+ Rxc8 25. Rxc8+ Kg7 26. Rc2 h5 27. Rd1 Qd6 28. Ne2 g5 29. f3 Nf6 30. h4 Qe5 31. Kf2 gxh4 32. Nf4 a5 33. Rd4 Qd6 1/2-1/2

[Event "RA-2014-0-00359"]
[Site "LSS email"]
[Date "2014.11.04"]
[Round "?"]
[White "Trusewicz, Janusz Krzysztof"]
[Black "Corti, Horacio"]
[Result "1/2-1/2"]
[WhiteElo "2161"]
[BlackElo "2109"]
[PlyCount "69"]
[EventDate "2014.10.17"]
[EventType "tourn (corr)"]
[EventRounds "6"]
[EventCountry "GER"]
[SourceTitle "Corr 2015"]
[Source "ChessBase"]
[SourceDate "2015.07.17"]
[SourceVersion "1"]
[SourceVersionDate "2015.07.17"]
[SourceQuality "1"]

1. d4 Nf6 2. c4 e6 3. Nc3 Bb4 4. e3 0-0 5. Bd3 d5 6. Nf3 c5 7. 0-0 Nc6 8. a3 Bxc3 9. bxc3 Qc7 10. cxd5 exd5 11. Nh4 Re8 12. f3 b6 13. Ra2 g6 14. Re1 Bb7 15. Rae2 Rad8 16. Bb2 Qc8 17. Qd2 Re6 18. g4 Na5 19. Ng2 Re7 20. Nf4 Ne8 21. Bc1 Nd6 22. a4 Rde8 23. Qa2 Nac4 24. h3 Qc7 25. g5 Qc8 26. e4 cxd4 27. cxd4 dxe4 28. fxe4 Bxe4 29. Bxc4 Nxc4 30. Nd5 Bxd5 31. Rxe7 Rxe7 32. Rxe7 Qxh3 33. Re8+ Kg7 34. Qh2 Qg4+ 35. Kf1 1/2-1/2

[Event "OP-2014-0-03498"]
[Site "LSS email"]
[Date "2014.09.11"]
[Round "?"]
[White "Trusewicz, Janusz Krzysztof"]
[Black "Kharchuk, Yurij"]
[Result "1-0"]
[WhiteElo "2161"]
[BlackElo "1484"]
[PlyCount "45"]
[EventDate "2014.09.06"]
[EventType "tourn (corr)"]
[EventRounds "4"]
[EventCountry "GER"]
[SourceTitle "Corr 2015"]
[Source "ChessBase"]
[SourceDate "2015.07.17"]
[SourceVersion "1"]
[SourceVersionDate "2015.07.17"]
[SourceQuality "1"]

1. d4 e6 2. c4 Nf6 3. Nc3 Bb4 4. e3 b6 5. Nge2 Bb7 6. a3 Bxc3+ 7. Nxc3 0-0 8. Bd3 Bxg2 9. Rg1 Bb7 10. e4 Ne8 11. Qh5 g6 12. e5 d6 13. Bg5 Qd7 14. 0-0-0 f5 15. Qh4 Bf3 16. Rd2 d5 17. Qh3 Bg4 18. Qg2 c6 19. f3 Bh5 20. Ne2 b5 21. c5 Kh8 22. Nf4 Qf7 23. Qg3 1-0

[Event "OP-2014-0-03367"]
[Site "LSS email"]
[Date "2014.04.03"]
[Round "?"]
[White "Lenz, Juergen"]
[Black "Trusewicz, Janusz Krzysztof"]
[Result "0-1"]
[WhiteElo "1087"]
[BlackElo "2177"]
[PlyCount "50"]
[EventDate "2014.03.31"]
[EventType "tourn (corr)"]
[EventRounds "4"]
[EventCountry "GER"]
[SourceTitle "Telechess CBM 167"]
[Source "ChessBase"]
[SourceDate "2015.07.13"]
[SourceVersion "1"]
[SourceVersionDate "2015.07.13"]
[SourceQuality "1"]

1. d4 Nf6 2. Nf3 c5 3. d5 b5 4. a4 b4 5. c4 g6 6. g3 d6 7. b3 Bg7 8. Bb2 0-0 9. Bg2 Re8 10. 0-0 Nbd7 11. Qc2 Rb8 12. Nbd2 e6 13. e4 exd5 14. cxd5 Nxe4 15. Bxg7 Nxd2 16. Bb2 Nxf1 17. Bxf1 Qe7 18. Bd3 Bb7 19. Bc4 Nb6 20. Re1 Qd7 21. Rxe8+ Qxe8 22. Ba1 Nxd5 23. Bxd5 Bxd5 24. Qb2 Kf8 25. Ng5 Qe1# 0-1

[Event "OP-2014-0-03367"]
[Site "LSS email"]
[Date "2014.04.03"]
[Round "?"]
[White "Trusewicz, Janusz Krzysztof"]
[Black "Kolanek, Roman"]
[Result "1/2-1/2"]
[WhiteElo "2177"]
[BlackElo "1859"]
[PlyCount "38"]
[EventDate "2014.03.31"]
[EventType "tourn (corr)"]
[EventRounds "4"]
[EventCountry "GER"]
[SourceTitle "Telechess CBM 167"]
[Source "ChessBase"]
[SourceDate "2015.07.13"]
[SourceVersion "1"]
[SourceVersionDate "2015.07.13"]
[SourceQuality "1"]

1. e4 c5 2. Nf3 d6 3. d4 cxd4 4. Nxd4 Nf6 5. Nc3 a6 6. Be3 e5 7. Nb3 Be7 8. f3 Be6 9. Qd2 0-0 10. 0-0-0 Nbd7 11. g4 b5 12. a3 Qc7 13. g5 Nh5 14. Nd5 Bxd5 15. exd5 f5 16. Rg1 g6 17. Na5 Bd8 18. Nc6 Qb7 19. f4 Nxf4 1/2-1/2